El Lector Americano. Libro Segundo

Guardado en:
Detalles Bibliográficos
Autor principal: Núñez, José Abelardo
Formato: Libro
Lenguaje:español
Publicado: Leipzig F.A. Brockaus 1894
Catálogo:MANES:  Resultados de Búsqueda del Catálogo
Clasificación de libros de texto:
Etiquetas: Agregar Etiqueta
Sin Etiquetas, Sea el primero en etiquetar este registro!
Añadido a:2020-01-21
Cambiado en:2025-04-25

MARC

LEADER 00000nam a22000007a 4500
005 20250425101444.0
008 200122b ||||| |||| 00| 0 spa d
040 |a MGM 
561 |5 cl-MGM  |3 T 372.4 N972l 1894 2  |a Chile. Museo Gabriela Mistral  |k MANES 
999 |c 87641  |d 87641 
100 |9 17507  |a Núñez, José Abelardo 
245 |a El Lector Americano. Libro Segundo 
260 |a Leipzig  |b F.A. Brockaus  |c 1894 
300 |a 208 p.  |c 18 x 11,5 cm 
546 |a Chile  
690 |a LEN 
691 |a PRI 
942 |2 ddc  |c BK 
999 |c manes:87641  |d 87641